00978nam a2200229 i 4500001001300000003000900013005001700022008004100039020002600080040003800106082003200144100003400176245009000210260004200300300002000342490006900362504003000431520010600461600003000567655008100597830007000678000000327561IT-MiSPE20200317153559.0031004s2002 xx 000 b ita c a8810201582c13.00 EUR aIT-MiSPEbitacIT-MiSPEdIT-MiSPE a227.1-Rm ORS ma (axa 23225)1 aOrsatti, Mauro,csac.,d1949-13aIl capolavoro di Paolo :blettura pastorale della Lettera ai Romani /cMauro Orsatti. aBologna :bEdizioni Dehoniane,c2002. a208 p. ;c21 cm1 aLettura pastorale della Bibbia /aBibbia e spiritualità ;v016 aBibliografia: pp. 201-203 aIl volume presenta un commento completo al testo biblico. Il commento è essenziale ed esistenziale.04aPaulus Apostolus,csanto.07aSacra Scrittura. Studi sul Nuovo TestamentoxPaolo: studi e teologia.2local 0aLettura pastorale della Bibbia /pBibbia e spiritualità ;v016.